| 000 | 01336nam a2200205Ia 4500 | ||
|---|---|---|---|
| 001 | A2084-51683 | ||
| 003 | IT-MiCISF | ||
| 008 | 161014s9999||||xx |||||||||||||| ||und|| | ||
| 040 |
_aIT-MiCISF _cIT-MiCISF |
||
| 041 | _ait | ||
| 100 | _aBonetti Renzo | ||
| 245 | 0 |
_aIl corpo dato per amore _bMeditazioni per coppie su Eucaristia e matrimonio # |
|
| 250 | _a1a ed. | ||
| 260 |
_a Roma _bCittà Nuova _c2011 |
||
| 300 | _app. 174 | ||
| 500 | _a / Pastorale-familiare, coppia, spiritualità-coniugale, rapporti-uomo-donna / Il volume propone un percorso di crescita spirituale nella vita di coppia. Si tratta di un libro che non si può leggere tutto d'un fiato perché ogni pagina è una poesia da lasciar scendere nel cuore, una preghiera che trasforma dal di dentro la vita matrimoniale, una meditazione da condividere con "chi ci ha rapito il cuore", un'adorazione eucaristica che rende la nostra famiglia chiesa domestica. In questo modo, l'A. - già direttore dell'Ufficio famiglia della CEI e presidente della Fondazione "Famiglia Dono Grande", ci porta a gustare l'insegnamento del magistero della Chiesa sul sacramento del matrimonio, dando prova di saperlo usare come balsamo prezioso per la vita matrimoniale degli sposi. | ||
| 650 |
_a Temi di pastorale / matrimonio _e012 |
||
| 942 | _cBK | ||
| 957 | _71 | ||
| 999 |
_a51683 _bsi _g1 _c217082 _d217082 |
||